El Humanismo italiano: un capítulo de la cultura europea entre Petrarca y Valla
Uloženo v:
| Hlavní autor: | |
|---|---|
| Médium: | Kniha |
| Jazyk: | španělština |
| Vydáno: |
Madrid
Alianza
2007
|
| Témata: | |
| Tagy: |
Přidat tag
Žádné tagy, Buďte první, kdo vytvoří štítek k tomuto záznamu!
|
MARC
| LEADER | 00000cam a2200000 a 4500 | ||
|---|---|---|---|
| 001 | UCF5041 | ||
| 003 | CL-VaPUC | ||
| 008 | 130110e20070000SP |||||||||||||||||spa|d | ||
| 020 | |a 9788420648804 | ||
| 082 | 0 | 4 | |a 195 |b CAP |2 21 |
| 100 | 0 | |a Cappelli, Guido M |e author |9 566755 | |
| 245 | 1 | 3 | |a El Humanismo italiano: un capítulo de la cultura europea entre Petrarca y Valla |
| 300 | |a 294 p | ||
| 942 | |c BK | ||
| 945 | |d 20130110 00:00:00 |a dcastane | ||
| 260 | |a Madrid |b Alianza |c 2007 | ||
| 650 | 0 | |a Filosofía moderna |9 258121 | |
| 650 | 0 | |a Humanismo |9 256530 | |
| 650 | 0 | |a Filosofía italiana |9 265241 | |
| 583 | |a last modification |c 20130110 11:00:00 |k Rodrigo Vera | ||
| 999 | |c 350666 |d 350664 | ||
| 952 | |0 0 |1 0 |4 0 |6 195_000000000000000_CAP_2007 |7 0 |8 A |9 454224 |a BIBEDU |b BIBEDU |d 2019-11-22 |i 4944364 |o 195 CAP 2007 |p 4944364 |r 2019-11-22 |w 2019-11-22 |y BK |k FIL | ||
| 952 | |0 0 |1 0 |3 erb |4 0 |6 195_000000000000000_CAP_2007 |7 0 |8 A |9 454225 |a BIBEDU |b BIBEDU |i 5248973 |l 1 |m 1 |o 195 CAP 2007 |p 5248973 |r 2025-04-22 |s 2025-04-14 |w 2019-11-22 |y BK |z Catalogado en:20151112 |k FIL | ||